[Event "ROM-ch U16"]
[Site "Calimanesti Caciulata"]
[Date "2019.04.21"]
[Round "8"]
[White "Jumbei, Nicolae"]
[Black "Rodila, Rares Andrei"]
[Result "0-1"]
[WhiteElo "1188"]
[BlackElo "1514"]
[PlyCount "76"]
[EventDate "2019.04.15"]
[EventType "swiss"]
[EventRounds "9"]
[EventCountry "ROU"]
[SourceTitle "CBM 190 Extra"]
[Source "ChessBase"]
[SourceDate "2019.07.15"]
[SourceVersion "1"]
[SourceVersionDate "2019.07.15"]
[SourceQuality "1"]

1. d4 d5 2. c4 dxc4 3. Nc3 g6 4. Nf3 Bg7 5. Bg5 Nf6 6. e3 Be6 7. Ne5 Nbd7 8. Nxc4 0-0 9. Bd3 c5 10. 0-0 cxd4 11. exd4 Rc8 12. Nd2 Nb6 13. Nf3 Bg4 14. Be2 Nbd5 15. Nxd5 Qxd5 16. Bxf6 Bxf6 17. h3 Bxf3 18. Bxf3 Qxd4 19. Qxd4 Bxd4 20. Bxb7 Rb8 21. Bc6 Rxb2 22. Rad1 Rd8 23. Kh1 Rxa2 24. Rfe1 e6 25. Re4 Bb6 26. Rxd8+ Bxd8 27. Kg1 a5 28. h4 Bc7 29. g3 Kg7 30. Kg2 Bb6 31. Rf4 e5 32. Rf3 Bd4 33. Bd5 Rd2 34. Rxf7+ Kh6 35. g4 a4 36. Bf3 Rxf2+ 37. Kg3 e4 38. Rf5 Rxf3+ 0-1

[Event "ROM-ch U16"]
[Site "Calimanesti Caciulata"]
[Date "2019.04.20"]
[Round "7"]
[White "Antal, Andrei"]
[Black "Jumbei, Nicolae"]
[Result "1-0"]
[WhiteElo "1482"]
[BlackElo "1188"]
[PlyCount "42"]
[EventDate "2019.04.15"]
[EventType "swiss"]
[EventRounds "9"]
[EventCountry "ROU"]
[SourceTitle "CBM 190 Extra"]
[Source "ChessBase"]
[SourceDate "2019.07.15"]
[SourceVersion "1"]
[SourceVersionDate "2019.07.15"]
[SourceQuality "1"]

1. d4 d5 2. Bf4 Nf6 3. Nf3 Bg4 4. Nbd2 Nc6 5. h3 Bh5 6. e3 a6 7. Be2 e6 8. Ne5 Bxe2 9. Qxe2 Nxe5 10. Bxe5 Bd6 11. Nf3 Bxe5 12. Nxe5 Ne4 13. c4 Qg5 14. 0-0 dxc4 15. Qxc4 c6 16. Qd3 Qf5 17. g4 Nxf2 18. Rxf2 Qxd3 19. Nxd3 0-0 20. Rc1 Rad8 21. Nc5 f5 1-0

[Event "ROM-ch U16"]
[Site "Calimanesti Caciulata"]
[Date "2019.04.19"]
[Round "6"]
[White "Cazan, Andrei"]
[Black "Jumbei, Nicolae"]
[Result "1-0"]
[WhiteElo "1419"]
[BlackElo "1188"]
[PlyCount "103"]
[EventDate "2019.04.15"]
[EventType "swiss"]
[EventRounds "9"]
[EventCountry "ROU"]
[SourceTitle "CBM 190 Extra"]
[Source "ChessBase"]
[SourceDate "2019.07.15"]
[SourceVersion "1"]
[SourceVersionDate "2019.07.15"]
[SourceQuality "1"]

1. Nf3 Nc6 2. d4 d5 3. g3 Nf6 4. Bg2 Bf5 5. c3 e6 6. 0-0 Be7 7. Nbd2 0-0 8. Re1 Re8 9. b3 Ne4 10. Bb2 h6 11. Nxe4 Bxe4 12. Nd2 Bxg2 13. Kxg2 e5 14. e3 e4 15. a3 Bd6 16. Qc2 h5 17. c4 dxc4 18. bxc4 h4 19. Nxe4 hxg3 20. hxg3 Qe7 21. Nxd6 Qxd6 22. Rh1 Qg6 23. Qxg6 fxg6 24. Rhe1 Na5 25. Rac1 Nb3 26. Rcd1 Na5 27. c5 Nc4 28. Re2 Nxb2 29. Rxb2 b6 30. cxb6 axb6 31. Rc1 Re7 32. Rbc2 Rxa3 33. Rxc7 Rxc7 34. Rxc7 b5 35. Rc2 Rb3 36. Kf3 b4 37. Ke2 Rb1 38. Kd3 b3 39. Rd2 Rc1 40. Rb2 Rd1+ 41. Kc3 Rc1+ 42. Kxb3 Rc7 43. Rc2 Rb7+ 44. Kc3 Kf7 45. Kd3 Kf6 46. Rc5 g5 47. Ke4 Re7+ 48. Re5 Rxe5+ 49. dxe5+ Ke6 50. f4 gxf4 51. exf4 g6 52. g4 1-0

[Event "ROM-ch U16"]
[Site "Calimanesti"]
[Date "2018.03.27"]
[Round "1"]
[White "Iustin, Silviu"]
[Black "Jumbei, Nicolae"]
[Result "1-0"]
[WhiteElo "2006"]
[BlackElo "1434"]
[PlyCount "47"]
[EventDate "2018.03.27"]
[EventType "swiss"]
[EventRounds "9"]
[EventCountry "ROU"]
[SourceTitle "CBM 183 Extra"]
[Source "ChessBase"]
[SourceDate "2018.04.19"]
[SourceVersion "1"]
[SourceVersionDate "2018.04.19"]
[SourceQuality "1"]

1. e4 e5 2. Nf3 Nc6 3. Bc4 h6 4. d4 exd4 5. Nxd4 Nxd4 6. Qxd4 d6 7. Nc3 Nf6 8. 0-0 Be7 9. Bf4 0-0 10. Rad1 Bg4 11. f3 Bh5 12. e5 dxe5 13. Qxe5 Bd6 14. Qe2 Re8 15. Qf2 Bxf4 16. Rxd8 Be3 17. Qxe3 Raxd8 18. Qf2 b6 19. Re1 Rxe1+ 20. Qxe1 Bg6 21. Bb3 Re8 22. Qd2 a5 23. Nd5 Nxd5 24. Qxd5 1-0